Copa del Rey Sieger - Statistiken

Allgemein
  • Dieses Quiz wurde 195 mal gespielt
    103 seit der letzten Aktualisierung
  • Das Durchschnittsergebnis liegt bei 103 aus 123
Antwortstatistiken
Saison Sieger % Korrekt
1910 FC Barcellona
100%
1912 | 1913 | 1920 | +19 others FC Barcelona
100%
1946 | 1947 | 1961/62 | +10 others Real Madrid
100%
1976/77 | 2004/05 Betis Sevilla
98%
1935 | 1939 | 1947/48 | +2 others FC Sevilla
98%
1959/60 | 1960/61 | 1964/65 | +7 others Atlético Madrid
97%
1929 | 1940 Español Barcelona
94%
1999/00 | 2005/06 Espanyol Barcelona
93%
1905 | 1906 | 1907 | +4 others Madrid FC
93%
194/49 | 1941 | 1954 | +5 others FC Valencia
91%
1903 | 1904 | 1910 | +12 others Athletic Bilbao
84%
2021/22 Betis Sevilla
83%
1942 | 1951 | 1952 | +6 others CF Barcelona
79%
1943 | 1944 | 1944/45 | +6 others Atlético Bilbao
73%
2002/03 RCD Mallorca
72%
1909 Club Ciclista de San Sebastián
71%
1994/95 | 2001/02 Deportivo La Coruña
66%
1986/87 | 2019/20 Real Sociedad
51%
1963/64 | 1965/66 | 1985/86 | +3 others Real Saragossa
35%
1919 Arenas Club de Getxo
2%
1913 Rácing de Irún
0%
1918 | 1924 | 1927 Real Unión Irún
0%
Keine übereinstimmenden Quizze gefunden
Verteilung der Resultate
Anzahl Personen mit jedem Resultat
Perzentil nach korrekt beantworteten Fragen
Ihre Resultats-Entwicklung
Sie haben dieses Quiz seit der letzten Aktualisierung nicht gespielt